Sự sinh trưởng của đất = Growth of the soil

Wedi'i Gadw mewn:
Manylion Llyfryddiaeth
Prif Awdur: Hamsun, Knut
Fformat: Llyfr
Iaith:Undetermined
Cyhoeddwyd: Hà Nội Thế giới 2006
Pynciau:
Tagiau: Ychwanegu Tag
Dim Tagiau, Byddwch y cyntaf i dagio'r cofnod hwn!
Thư viện lưu trữ: Trung tâm Học liệu Trường Đại học Cần Thơ
LEADER 00546nam a2200205Ia 4500
001 CTU_103385
008 210402s9999 xx 000 0 und d
082 |a 839.82 
082 |b H232 
100 |a Hamsun, Knut 
245 0 |a Sự sinh trưởng của đất = 
245 0 |b Growth of the soil 
245 0 |c Knut Hamsun 
260 |a Hà Nội 
260 |b Thế giới 
260 |c 2006 
650 |a Norwegian fiction 
650 |y 19th century 
904 |i Truc 
980 |a Trung tâm Học liệu Trường Đại học Cần Thơ